书目信息 |
| 题名: |
电池
|
|
| 作者: | 内田隆裕 著 ;郭成言 译 | |
| 分册: | ||
| 出版信息: | 北京 科学出版社 2004.05 |
|
| 页数: | 203页 | |
| 开本: | 21cm | |
| 丛书名: | OHM图解 | |
| 单 册: | ||
| 中图分类: | TN01-64 | |
| 科图分类: | ||
| 主题词: | 电工技术--dian gong ji shu--图解 | |
| 电子资源: | ||
| ISBN: | 7-03-013001-4 | |
| 000 | 00879nam 2200253 450 | |
| 001 | 0141231232 | |
| 005 | 20051130103023.78 | |
| 010 | @a7-03-013001-4@dCNY16.50 | |
| 100 | @a20040830d2004 km y0chiy0120 ea | |
| 101 | 1 | @achi@cjpn |
| 102 | @aCN@b110000 | |
| 105 | @aa z 000yy | |
| 200 | 1 | @a电池@Adian chi@f(日) 内田隆裕著@F(ri)nei tian long yu zhu@g郭成言译@Gguo cheng yan yi |
| 210 | @a北京@c科学出版社@d2004.05 | |
| 215 | @a203页@c图@d21cm | |
| 225 | 2 | @aOHM图解@AOHM tu jie |
| 330 | @a该书从常见的各种电池入手,详细介绍了与电池相关的各种知识,包括电池的种类、牌号、结构和功能,干电池和充电电池的区别和特点等内容。 | |
| 410 | 0 | @12001 @aOHM图解 |
| 606 | 0 | @a电工技术@Adian gong ji shu@x图解 |
| 690 | @aTN01-64@v4 | |
| 701 | 0 | @a内田隆裕@Anei tian long yu@4著 |
| 702 | 0 | @a郭成言@Aguo cheng yan@4译 |
| 801 | 0 | @aCN@bQSSK@c20051130 |
| 905 | @a10447@dTN01-64@eN403 | |
| 电池/(日) 内田隆裕著/郭成言译.-北京:科学出版社,2004.05 |
| 203页:图;21cm.-(OHM图解) |
| ISBN 7-03-013001-4:CNY16.50 |
| 该书从常见的各种电池入手,详细介绍了与电池相关的各种知识,包括电池的种类、牌号、结构和功能,干电池和充电电池的区别和特点等内容。 |
| ● |
| 相关链接 |
|
|
|
正题名:电池
索取号:TN01-64/N403
 
预约/预借
| 序号 | 登录号 | 条形码 | 馆藏地/架位号 | 状态 | 备注 |
| 1 | 577243 | 205772430 | 自科库301/301自科库 24排2列5层/ [索取号:TN01-64/N403] | 在馆 | |
| 2 | 577244 | 205772449 | 自科库301/301自科库 24排2列5层/ [索取号:TN01-64/N403] | 在馆 |